000 00307nam a22001337a 4500
008 170914b xxu||||| |||| 00| 0 eng d
020 _a9780904017908
041 _aeng
080 _a7
100 _a44
101 _aART
245 _aTHE NATIONAL PORTRAIT GALLERY COLLECTION
_cFOISTER,S
942 _2udc
_cBK
999 _c27679
_d27679